000 01389cam a2200349 a 4500
999 _c7614
_d7614
001 4031791
003 OSt
005 20220119100424.0
008 980309s1999 enka b 001 0 eng
010 _a 98003570
020 _a0521593115 (hb)
040 _aDLC
_cDLC
_dDLC
050 0 0 _aQC20
_b.W39 1999
082 0 0 _a530.15wav 1999
100 _aedited by J.C. van den Berg.
_915564
245 0 0 _aWavelets in physics /
_cedited by J.C. van den Berg.
260 _aCambridge ;
_aNew York :
_bCambridge University Press,
_c1999.
300 _axxii, 453 p. :
_bill. (some col.) ;
_c26 cm.
504 _aIncludes bibliographical references and index.
650 0 _aMathematical physics.
_9372
650 0 _aWavelets (Mathematics)
_915565
650 0 _aFourier transformations.
_913305
650 0 _aTime measurements.
_915566
700 1 _aBerg, J. C. van den,
_d1944-
_915567
856 4 1 _3Sample text
_uhttp://www.loc.gov/catdir/samples/cam031/98003570.html
856 4 2 _3Publisher description
_uhttp://www.loc.gov/catdir/description/cam029/98003570.html
856 4 1 _3Table of contents
_uhttp://www.loc.gov/catdir/toc/cam022/98003570.html
906 _a7
_bcbc
_corignew
_d1
_eocip
_f19
_gy-gencatlg
942 _2ddc
_cO_SHELF